| 000 | 00387nam a22001457a 4500 | ||
|---|---|---|---|
| 005 | 20230714162638.0 | ||
| 008 | 230714b ||||| |||| 00| 0 eng d | ||
| 040 | _cAL | ||
| 041 | _aeng | ||
| 082 |
_223 _a155 _bHURD |
||
| 100 |
_aElizabeth Hurlock _9127069 |
||
| 245 | _aDevelopmental Psychology: a life span apporach | ||
| 260 |
_aNew Delhi _bTata McGraw Hill _c1980 |
||
| 942 |
_2ddc _cBK |
||
| 999 |
_c227889 _d227889 |
||